[Event "Mitropa Cup 15th"]
[Site "Bad Woerishofen"]
[Date "1993.01.19"]
[Round "3.4"]
[White "Votava, Jan"]
[Black "Osterman, Rudolf"]
[Result "1-0"]
[WhiteElo "2410"]
[BlackElo "2415"]
[PlyCount "93"]
[EventDate "1993.01.17"]
[EventType "team-tourn"]
[EventRounds "7"]
[EventCountry "GER"]
[SourceTitle "CBM 034"]
[Source "ChessBase"]
[SourceDate "1993.06.01"]
[SourceVersion "1"]
[SourceVersionDate "1993.06.01"]
[SourceQuality "1"]
[WhiteTeam "Czechoslovakia"]
[BlackTeam "Slovenia"]
[WhiteTeamCountry "CSR"]
[BlackTeamCountry "SLO"]

1. d4 Nf6 2. c4 c5 3. d5 e6 4. Nc3 exd5 5. cxd5 d6 6. e4 g6 7. h3 Bg7 8. Nf3 0-0 9. Bd3 Re8 10. 0-0 a6 11. a4 c4 12. Bc2 Nbd7 13. Bf4 Qc7 14. Re1 Nh5 15. Be3 Ne5 16. Nxe5 Bxe5 17. Qd2 b6 18. g4 Ng7 19. f4 Bf6 20. g5 Bd8 21. Bd4 Qd7 22. Kf2 Nh5 23. Rh1 Rb8 24. Bd1 b5 25. axb5 axb5 26. Bf3 b4 27. Ne2 Qb5 28. Ng3 Nxg3 29. Kxg3 Bb6 30. h4 Re7 31. h5 Rc7 32. f5 gxf5 33. g6 f4+ 34. Kxf4 Qe8 35. gxh7+ Kxh7 36. Bf6 c3 37. bxc3 Rxc3 38. Bxc3 bxc3 39. Qxc3 Qe7 40. Rag1 Bxg1 41. Rxg1 f6 42. Rg6 Qe5+ 43. Qxe5 dxe5+ 44. Kg3 Rb6 45. Bg4 Rb3+ 46. Kh4 Bxg4 47. Kxg4 1-0

[Event "SLO-ch"]
[Site "Slovenia"]
[Date "1993.??.??"]
[Round "?"]
[White "Ivacic, Vladimir"]
[Black "Osterman, Rudolf"]
[Result "0-1"]
[WhiteElo "2295"]
[BlackElo "2415"]
[PlyCount "84"]
[EventDate "1993.??.??"]
[EventType "tourn"]
[EventRounds "13"]
[EventCountry "SLO"]
[EventCategory "5"]
[SourceTitle "TD"]
[Source "ChessBase"]
[SourceDate "1994.03.01"]
[SourceVersion "1"]
[SourceVersionDate "1994.03.01"]
[SourceQuality "1"]

1. c4 c5 2. g3 g6 3. Bg2 Bg7 4. Nc3 Nc6 5. e4 d6 6. Nge2 e6 7. d3 Nge7 8. Be3 Nd4 9. Qd2 Nec6 10. 0-0 0-0 11. Rab1 a5 12. b3 Rb8 13. f4 f5 14. Kh1 Bd7 15. Bg1 h5 16. exf5 gxf5 17. Nxd4 Nxd4 18. Ne2 h4 19. Nxd4 cxd4 20. gxh4 Bc6 21. Bxc6 bxc6 22. Qg2 c5 23. Bf2 Qd7 24. Rg1 Qb7 25. Rbe1 Rfe8 26. h5 Qxg2+ 27. Rxg2 Kf7 28. Rg6 Bf6 29. Reg1 Rh8 30. h6 e5 31. Be1 a4 32. bxa4 e4 33. a5 exd3 34. a6 d2 35. Bxd2 d5 36. a7 Ra8 37. cxd5 c4 38. Rg7+ Bxg7 39. Rxg7+ Kf6 40. Rb7 c3 41. Be1 Kg6 42. d6 Rhe8 0-1

[Event "SLO-chT"]
[Site "Slovenia"]
[Date "1993.??.??"]
[Round "?"]
[White "Ivacic, Vladimir"]
[Black "Osterman, Rudolf"]
[Result "0-1"]
[WhiteElo "2295"]
[BlackElo "2415"]
[PlyCount "124"]
[EventDate "1993.??.??"]
[EventType "team"]
[EventRounds "7"]
[EventCountry "SLO"]
[SourceTitle "TD"]
[Source "ChessBase"]
[SourceDate "1994.03.01"]
[SourceVersion "1"]
[SourceVersionDate "1994.03.01"]
[SourceQuality "1"]

1. c4 c5 2. g3 g6 3. Bg2 Bg7 4. Nc3 Nc6 5. e4 e6 6. Nge2 Nge7 7. 0-0 0-0 8. d3 d6 9. Rb1 Rb8 10. a3 b6 11. b4 Bb7 12. Be3 Nd4 13. Qd2 Nec6 14. f4 f5 15. Kh1 Qd7 16. Ng1 Kh8 17. b5 Ne7 18. a4 fxe4 19. dxe4 d5 20. Rbd1 Rbd8 21. Qa2 dxe4 22. Nxe4 Nef5 23. Bc1 Qc8 24. Rfe1 h6 25. a5 Rfe8 26. a6 Ba8 27. Qf2 Nb3 28. Bb2 Qc7 29. Nf6 Re7 30. Bxa8 Rxa8 31. Be5 Qc8 32. g4 Nfd4 33. Qg2 Rf7 34. g5 Qf8 35. Qe4 Bxf6 36. gxf6 Kh7 37. Rd3 Re8 38. Rg3 Rxf6 39. Bxf6 Qxf6 40. Nh3 Na5 41. Reg1 Rg8 42. Nf2 Qf5 43. Rc3 Rf8 44. Re1 Qxf4 45. Ng4 h5 46. Ne5 Qxe4+ 47. Rxe4 g5 48. Kg2 Kg7 49. Rh3 h4 50. Rd3 Rf5 51. Kh3 Kf6 52. Rdxd4 Rxe5 53. Rxe5 cxd4 54. c5 Nc4 55. cxb6 Nxb6 56. Rc5 d3 57. Rc3 Nd5 58. Rc1 Kf5 59. Kg2 Ke4 60. Kf2 d2 61. Ra1 Kd3 62. Ra3+ Nc3 0-1